[Event "Bretagne-ch U14"]
[Site "Sarzeau"]
[Date "2006.02.24"]
[Round "6"]
[White "Robin, Ewen"]
[Black "Pruvost, Charlotte"]
[Result "1-0"]
[WhiteElo "1330"]
[BlackElo "1250"]
[PlyCount "51"]
[EventDate "2006.02.21"]
[EventType "swiss"]
[EventRounds "6"]
[EventCountry "FRA"]
[SourceTitle "EXT 2007"]
[Source "ChessBase"]
[SourceDate "2006.11.23"]
[SourceVersion "1"]
[SourceVersionDate "2006.11.23"]
[SourceQuality "1"]

1. d4 d5 2. Nf3 Nf6 3. c4 c6 4. Nc3 Bf5 5. h3 a6 6. Bg5 e6 7. e3 Bd6 8. a3 Qa5 9. b4 Qc7 10. Bxf6 gxf6 11. Nh4 dxc4 12. Nxf5 exf5 13. Bxc4 Rg8 14. g3 f4 15. exf4 Qe7+ 16. Kd2 Nd7 17. Re1 Ne5 18. dxe5 fxe5 19. fxe5 Bxe5 20. Qh5 Qd6+ 21. Kc2 Kd7 22. Qxf7+ Qe7 23. Rad1+ Bd6 24. Rxe7+ Kd8 25. Rxd6+ Kc8 26. Qxg8# 1-0